| 000 | 00600nam a22001817a 4500 | ||
|---|---|---|---|
| 005 | 20170524144424.0 | ||
| 010 | _aENG-118379 | ||
| 020 |
_a9789386062208 _c995.00 |
||
| 035 | _aEN-101911 | ||
| 037 | _bDBAD/PUB | ||
| 082 | _a332 | ||
| 100 | _aMisra, Alok | ||
| 245 |
_aResponsible finance india report 2016 _bClient first: tracking social performance practices / _cby Alok Misra |
||
| 260 |
_aNew Delhi _bSage Publications India _c2017 |
||
| 270 | _aB1/I-1 Mohan Cooperative Industrial Area Mathura Road, New Delhi-110044 | ||
| 300 | _axvi,143p | ||
| 942 |
_2ddc _cEN _h332 _mMIS |
||
| 999 |
_c140403 _d140403 |
||